<?xml version="1.0" encoding="UTF-8"?>
<record
    xmlns:xsi="http://www.w3.org/2001/XMLSchema-instance"
    xsi:schemaLocation="http://www.loc.gov/MARC21/slim http://www.loc.gov/standards/marcxml/schema/MARC21slim.xsd"
    xmlns="http://www.loc.gov/MARC21/slim">

  <leader>01701nam a22001937a 4500</leader>
  <controlfield tag="003">IT-RoPau</controlfield>
  <controlfield tag="005">20220918175936.0</controlfield>
  <controlfield tag="008">121203b        xxu||||| |||| 00| 0 eng d</controlfield>
  <datafield tag="040" ind1=" " ind2=" ">
    <subfield code="c">IT-RoPau</subfield>
  </datafield>
  <datafield tag="100" ind1=" " ind2=" ">
    <subfield code="a">Alberione Giacomo</subfield>
    <subfield code="q">Fondatore famiglia Paolina</subfield>
    <subfield code="9">19</subfield>
  </datafield>
  <datafield tag="245" ind1=" " ind2=" ">
    <subfield code="a">Cenni storici generali della Pia Societa' San Paolo.</subfield>
    <subfield code="b">Roma 1979. Edizioni dell' Archivio Storico Generale della famiglia Paolina </subfield>
  </datafield>
  <datafield tag="250" ind1=" " ind2=" ">
    <subfield code="a">I</subfield>
  </datafield>
  <datafield tag="260" ind1=" " ind2=" ">
    <subfield code="a">Roma</subfield>
    <subfield code="b">PSSP</subfield>
    <subfield code="c">1979</subfield>
  </datafield>
  <datafield tag="300" ind1=" " ind2=" ">
    <subfield code="a">92 p.</subfield>
    <subfield code="c">18 cm</subfield>
  </datafield>
  <datafield tag="490" ind1=" " ind2=" ">
    <subfield code="a">Edizioni dell' Archivio Storico Generale  della Famiglia Paolina</subfield>
    <subfield code="v">I</subfield>
  </datafield>
  <datafield tag="500" ind1=" " ind2=" ">
    <subfield code="a">Presentiamo le 25 puntate della prima storia organica della Famiglia Paolina. </subfield>
  </datafield>
  <datafield tag="520" ind1=" " ind2=" ">
    <subfield code="a">Indice

Introduzione
Puntata n&#xB0; 1 ( febbraio 1923)
Puntata n&#xB0; 2 ( marzo 1923)
Puntata n&#xB0; 3 ( aprile 1923)
Puntata n&#xB0; 4 ( maggio 1923)
Puntata n&#xB0; 5 ( giugno 1923)
Puntata n&#xB0; 6 ( luglio 1923)
Puntata n&#xB0; 7 ( agosto 1923)
Puntata n&#xB0; 8 ( settembre 1923)
Puntata n&#xB0; 9 ( ottobre 1923)
Puntata n&#xB0; 10 ( novembre 1923)
Puntata n&#xB0; 11 ( dicembre 1923)
Puntata n&#xB0; 12 ( gennaio 1924)
Puntata n&#xB0; 13 ( febbraio 1924)
Puntata n&#xB0; 14 ( marzo 1924)
Puntata n&#xB0; 15 ( aprile 1924)
Puntata n&#xB0; 16 ( maggio 1924)
Puntata n&#xB0; 17 ( giugno 1924)
Puntata n&#xB0; 18 ( luglio 1924)
Puntata n&#xB0; 19 ( agosto 1924)
Puntata n&#xB0; 20 ( settembre 1924)
Puntata n&#xB0; 21 ( ottobre 1924)
Puntata n&#xB0; 22 ( novembre 1924)
Puntata n&#xB0; 23 ( dicembre 1924)
Puntata n&#xB0; 24 ( febbraio 1925)
Puntata n&#xB0; 25 ( aprile 1925)

Appendice

Introduzione
Don Alberione ai piedi di Benedetto XV
Una carit&#xE0; alla Buona Stampa
I Cooperatori Paolini e il loro
giornaletto
Un certo clima mariano
Audiovisivi negli anni 20
Partecipazione alla vita ecclesiale
</subfield>
  </datafield>
  <datafield tag="942" ind1=" " ind2=" ">
    <subfield code="2">ddc</subfield>
    <subfield code="c">BK</subfield>
  </datafield>
  <datafield tag="999" ind1=" " ind2=" ">
    <subfield code="c">37596</subfield>
    <subfield code="d">37596</subfield>
  </datafield>
  <datafield tag="952" ind1=" " ind2=" ">
    <subfield code="0">0</subfield>
    <subfield code="1">0</subfield>
    <subfield code="2">ddc</subfield>
    <subfield code="4">0</subfield>
    <subfield code="6">P_A6</subfield>
    <subfield code="7">1</subfield>
    <subfield code="a">PAULUS</subfield>
    <subfield code="b">PAULUS</subfield>
    <subfield code="d">2012-12-03</subfield>
    <subfield code="l">0</subfield>
    <subfield code="o">P A6</subfield>
    <subfield code="r">2012-12-03 00:00:00</subfield>
    <subfield code="w">2012-12-03</subfield>
    <subfield code="y">BK</subfield>
  </datafield>
  <datafield tag="952" ind1=" " ind2=" ">
    <subfield code="0">0</subfield>
    <subfield code="1">0</subfield>
    <subfield code="2">ddc</subfield>
    <subfield code="4">0</subfield>
    <subfield code="6">P_A6</subfield>
    <subfield code="7">1</subfield>
    <subfield code="a">PAULUS</subfield>
    <subfield code="b">PAULUS</subfield>
    <subfield code="d">2013-11-18</subfield>
    <subfield code="l">0</subfield>
    <subfield code="o">P A6</subfield>
    <subfield code="r">2013-11-18 00:00:00</subfield>
    <subfield code="w">2013-11-18</subfield>
    <subfield code="y">BK</subfield>
  </datafield>
</record>
